=LDR 00000nam 2200000 4500 =001 INLIS000000000040133 =005 20130612145720 =008 ***********************************ind** =035 ##$$0010-061300000040133 =041 ##$$a ind =082 ##$$a 614.599.3 =090 ##$$a 614.599.3, Lap p =100 ##$$a Presiden =245 ##$$a Laporan Peringatan Hari Aids Sedunia 1995 =650 ##$$a Aids =850 ##$$a NBPNMAT